000 00898nam a22002055i 4500
001 160856
003 ES-MaACL
005 20230906212136.0
008 970905s1853 sp |||| | spa d
040 _aAR
_bspa
_cAR
110 2 _aObra Pía de los Santos Lugares de Jerusalen.
_bComisaria General.
_9134725
245 1 0 _aMemoria presentada al Escmo. [sic] Sr. Primer Secretario de Estado y del Despacho acerca de la situacion administrativa y económica de la Obra-pía de los Santos Lugares de Jerusalen /
_cpor Miguel Golfanguer.
260 _aMadrid :
_b[s.n.],
_c1853 (
_fImp. de José C. de la Peña)
300 _a86 p. ;
_c26 cm.
505 8 _aDocumentos: p. 61-86
594 1 _aConsta en antep.: Obra-Pía de los Santos Lugares de Jerusalen.
700 1 1 _aGolfanguer, Miguel.
_9127361
700 1 1 _aPeña, José C. de la,
_eimp.
_9131094
852 _aES-MaACL
_jD-2235
_z-- Enc. hol.
999 _c160856
_d160856